000 00912nas a2200277 4500
001 BR2012009476
003 BR-BrBNA
005 20231205121624.0
007 ta
008 230509b bl.|||p| |||| 00| 00por d
040 _aBR-BrBNA
_bpor
_cBiblioteca Nacional de Agricultura
041 _a(En)
072 _aL01; L70
100 1 _aSuárez, V.H.
100 1 _aBusetti, M.R.
245 1 _aHealth management practices and disease prevalence in dairy sheep systems in Argentina
246 1 _aHealth management practices and disease prevalence in dairy sheep systems in Argentina
650 _aOVINO
650 _aPRODUÇÃO ANIMAL
650 _aMANEJO
650 _aDOENÇA ANIMAL
650 _aLEVANTAMENTO
773 0 _tPesquisa Veterinária Brasileira (Brazil)
_xISSN 0100-736X
_g(Nov 2009), v. 29(11) p. 931-937
_wBR2012009476
909 _a202311
_bLúcia
_c55
_dLúcia Elande
942 _2AGRIS
_n0
_cANA
999 _c224428
_d224428